[Sleepwalkers box] / (Registro nro. 57086)

Detalles MARC
000 -LEADER
campo de control de longitud fija 03894cpc a22006734a 4500
003 - IDENTIFICADOR DE NÚMERO DE CONTROL
campo de control PE-LiUPU
005 - FECHA Y HORA DE LA ÚLTIMA TRANSACCIÓN
campo de control 20250731183444.0
008 - DATOS DE LONGITUD FIJA--INFORMACIÓN GENERAL
campo de control de longitud fija 150514s2011 nyua r 00 0 eng d
020 ## - NÚMERO INTERNACIONAL ESTÁNDAR DEL LIBRO
Número Internacional Estándar del Libro 9781568988719
035 ## - NÚMERO DE CONTROL DEL SISTEMA
Número de control de sistema (Sirsi) i9781568988719
035 ## - NÚMERO DE CONTROL DEL SISTEMA
Número de control de sistema (Sirsi) i9781568988719
040 ## - FUENTE DE CATALOGACIÓN
Centro catalogador/agencia de origen PE-LiUPU
Lengua de catalogación spa
Centro/agencia transcriptor PE-LiUPU
Normas de descripción rda
049 ## - FONDOS LOCALES (OCLC)
Biblioteca depositaria PRUA
082 04 - NÚMERO DE LA CLASIFICACIÓN DECIMAL DEWEY
Número de clasificación 700.92
Cutter A33
Número de edición 22
100 1# - ENTRADA PRINCIPAL--NOMBRE DE PERSONA
Nombre de persona Aitken, Doug,
Fechas asociadas al nombre 1968- ,
Término indicativo de función/relación autor.
245 10 - MENCIÓN DEL TÍTULO
Título [Sleepwalkers box] /
Mención de responsabilidad, etc. Doug Aitken.
246 1# - FORMA VARIANTE DEL TITULO
Texto de visualización Título de la portada del libro :
Título propio/Titulo breve Sleepwalkers : fragments, markings and images from the making of Sleepwalkers.
246 1# - FORMA VARIANTE DEL TITULO
Texto de visualización Título en la parte superior de la caja :
Título propio/Titulo breve Sleepwalkers.
246 1# - FORMA VARIANTE DEL TITULO
Texto de visualización Título en el lado de la caja :
Título propio/Titulo breve Sleep walkers.
250 ## - MENCION DE EDICION
Mención de edición First edition.
264 #1 - PRODUCCIÓN, PUBLICACIÓN, DISTRIBUCIÓN, FABRICACIÓN Y COPYRIGHT
Producción, publicación, distribución, fabricación y copyright New York :
Nombre del de productor, editor, distribuidor, fabricante Princeton Architectural Press,
Fecha de producción, publicación, distribución, fabricación o copyright 2011.
300 ## - DESCRIPCIÓN FÍSICA
Extensión 1 caja ;
Dimensiones 32 cm
300 ## - DESCRIPCIÓN FÍSICA
Extensión 1 volumen (91 páginas) :
Otras características físicas ilustraciones ;
Dimensiones 30 cm
300 ## - DESCRIPCIÓN FÍSICA
Extensión 1 disco de vinilo ;
Dimensiones 30 cm
300 ## - DESCRIPCIÓN FÍSICA
Extensión 1 CD de grabación sonora ;
Dimensiones 12 cm
300 ## - DESCRIPCIÓN FÍSICA
Extensión 1 DVD de grabación de vídeo ;
Dimensiones 12 cm
300 ## - DESCRIPCIÓN FÍSICA
Extensión 1 poster ;
Dimensiones 91 cm
300 ## - DESCRIPCIÓN FÍSICA
Extensión 2 libros animados (sin paginación) ;
Dimensiones 11 cm
336 ## - TIPO DE CONTENIDO
Término de tipo de contenido text
Fuente rdacontent
337 ## - TIPO DE MEDIO
Nombre/término del tipo de medio unmediated
Fuente rdamedia
338 ## - TIPO DE SOPORTE
Nombre/término del tipo de soporte volume
Fuente rdacarrier
500 ## - NOTA GENERAL
Nota general El material consta de 8 piezas.
508 ## - NOTA DE CRÉDITOS DE CREACIÓN O PRODUCCIÓN
Nota de créditos de creación o producción Música supervisada por Jonathan Galkin.
520 ## - RESUMEN, ETC.
Sumario, etc. The box contains a double-sided poster of vivid Sleepwalkers imagery, a 12 inch vinyl picture disc containing unreleased tracks by Broadcast and a live recording of Doug Aitken's original opera The Handle Comes Up, the Hammer Comes Down, a 96 page visual diary of the making of the film including sketches, production photos, film stills, script fragments, and inspirational found images, two flipbooks with four motion sequences excerpted from the film and its projection on the museum's facade, a gatefold case containing an audio CD soundtrack that features the tracks on the picture disc plus tracks by Bibio, Ranphorynchus, Steve Roden, Tim Hecker, and Canyon Country, a DVD including an edit of Sleepwalkers cut specifically for this box set and a street level walkthrough as installed at the MoMA in NYC.
526 ## - NOTA DE INFORMACIÓN SOBRE EL PROGRAMA DE ESTUDIO
Nombre del programa Maestría Bim Facility Management (A distancia)
526 ## - NOTA DE INFORMACIÓN SOBRE EL PROGRAMA DE ESTUDIO
Nombre del programa
526 ## - NOTA DE INFORMACIÓN SOBRE EL PROGRAMA DE ESTUDIO
Nombre del programa Educación musical y artes
526 ## - NOTA DE INFORMACIÓN SOBRE EL PROGRAMA DE ESTUDIO
Nombre del programa Educación, especialidad educación física
526 ## - NOTA DE INFORMACIÓN SOBRE EL PROGRAMA DE ESTUDIO
Nombre del programa Arquitectura
600 10 - PUNTO DE ACCESO ADICIONAL DE MATERIA--NOMBRE DE PERSONA
Nombre de persona Aitken, Doug,
Fechas asociadas al nombre 1968-
650 #0 - PUNTO DE ACCESO ADICIONAL DE MATERIA--TÉRMINO DE MATERIA
Término de materia o nombre geográfico como elemento de entrada Instalaciones (Arte)
Subdivisión geográfica New York (Estado)
-- New York.
700 1# - ENTRADA AGREGADA--NOMBRE PERSONAL
Nombre de persona Galkin, Jonathan.
700 12 - ENTRADA AGREGADA--NOMBRE PERSONAL
Nombre de persona Aitken, Doug,
Fechas asociadas al nombre 1968-
Título de la obra Handle comes up, the hammer comes down.
710 2# - ENTRADA AGREGADA--NOMBRE DE ENTIDAD CORPORATIVA
Nombre de entidad corporativa o nombre de jurisdicción como elemento de entrada Museum of Modern Art (New York, N.Y.)
710 2# - ENTRADA AGREGADA--NOMBRE DE ENTIDAD CORPORATIVA
Nombre de entidad corporativa o nombre de jurisdicción como elemento de entrada Broadcast (Musical group)
856 42 - LOCALIZACIÓN Y ACCESO ELECTRÓNICOS
Nombre del host http://www.sleepwalkersbox.com/#
Nota pública Additional description available from publisher's website
856 42 - LOCALIZACIÓN Y ACCESO ELECTRÓNICOS
Nombre del host http://www.sleepwalkersbox.com/#
Nota pública Additional description available from publisher's website
856 42 - LOCALIZACIÓN Y ACCESO ELECTRÓNICOS
Nombre del host http://www.sleepwalkersbox.com/#
Nota pública Additional description available from publisher's website
856 42 - LOCALIZACIÓN Y ACCESO ELECTRÓNICOS
Nombre del host http://www.sleepwalkersbox.com/#
Nota pública Additional description available from publisher's website
856 42 - LOCALIZACIÓN Y ACCESO ELECTRÓNICOS
Nombre del host http://www.sleepwalkersbox.com/#
Nota pública Additional description available from publisher's website
856 42 - LOCALIZACIÓN Y ACCESO ELECTRÓNICOS
Nombre del host http://www.sleepwalkersbox.com/#
Nota pública Additional description available from publisher's website
856 42 - LOCALIZACIÓN Y ACCESO ELECTRÓNICOS
Nombre del host http://www.sleepwalkersbox.com/#
Nota pública Additional description available from publisher's website
856 42 - LOCALIZACIÓN Y ACCESO ELECTRÓNICOS
Nombre del host http://www.sleepwalkersbox.com/#
Nota pública Additional description available from publisher's website
910 ## - DATOS DE OPCIÓN DEL USUARIO (OCLC)
Datos de opción del usuario cce
942 ## - ELEMENTOS DE ENTRADA SECUNDARIOS (KOHA)
Fuente del sistema de clasificación o colocación Clasificación Decimal Dewey
Tipo de ítem Koha Libros físicos
949 ## - PROCESAMIENTO DE INFORMACIÓN LOCAL (OCLC)
a 700.92 A33
w DEWEY
c 1
i 71056
d 2015-6-23
e 2015-6-23
j 8
l RC
m BUL
p 348.40
r 1
s Y
t MODULOS
u 2015-5-14
x INGENIERIA
0 COMPRA
o .CIRCNOTE. No olvidar cambiar la fecha de devolución!!!!!!!
-- .STAFF. Colección General
980 ## - EQUIVALENCIA O REFERENCIA-CRUZADA-MENCIÓN DE SERIE--NOMBRE DE PERSONA/TÍTULO [LOCAL, CANADÁ]
ID del último usuario que modificó el registro 1
Nombre del último usuario que modificó el registro ALBERTO SANCHEZ Responsable de Automatización
Existencias
Visto por última vez Número de inventario Total de préstamos Signatura topográfica completa Código de barras Fecha del último préstamo Copia número Coste, precio de reemplazo Fecha de reemplazo Facultad Tipo de ítem Koha Nota pública Estado de pérdida Fuente del sistema de clasificación o colocación Restricciones de uso No para préstamo Colección Programa académico Biblioteca de origen Biblioteca actual Ubicación en estantería Fecha de adquisición Fuente de adquisición Coste, precio normal de compra
2025-12-02 3   700.92 A33 71056 2015-06-23 e1 353.40 2015-05-14 FIA Libros físicos inventario-2023-12-13 No Perdido Clasificación Decimal Dewey No restringido Disponible para préstamos Colección General Arquitectura Biblioteca CRAI UPeU Lima Biblioteca CRAI UPeU Lima Estante de Libros Grandes 2015-05-14 COMPRA 348.40